000 00790nam a2200169Ia 4500
008 110201s9999 xx 000 0 und d
082 _bB8634
_aS 1503
100 _aभोळे भास्कर लक्ष्मण
245 _aएकोणीसाव्या शतकातील मराठी गद्य,खंड 1
260 _bसाहित्य अकादेमी
365 _b100
600 _aभोळे भास्कर लक्ष्मण
630 _aएकोणीसाव्या शतकातील मराठी गद्य,खंड 1
700 _aभोळे भास्कर लक्ष्मण
730 _aएकोणीसाव्या शतकातील मराठी गद्य,खंड 1
942 _cBOOK
999 _c834109
_d834106